| 000 | 02610nam0a2200361 i 4500 | ||
|---|---|---|---|
| 001 | RU\NLR\BIBL_A\011441307 | ||
| 005 | 20260503060030.0 | ||
| 010 |
_a9785950009983 _950 |
||
| 021 |
_aRU _b2017-46684 _93361 |
||
| 035 | _a(RuMoRGB)008921804 | ||
| 035 | _a(NLR Aleph) 011441307 | ||
| 090 |
_a11703785 _c11703785 |
||
| 100 | _a20170719d2013 km y0rusy50 ca | ||
| 101 | 0 | _arus | |
| 102 | _aRU | ||
| 105 | _aa|||z|||000yy | ||
| 200 | 1 |
_aНепрерывное многоуровневое образование и особенности трудоустройства лиц с нарушениями опорно-двигательной системы _fВ.Д. Байрамов, А.В. Герасимов, М.В. Макарова _gМинистерство образования и науки Российской Федерации, Федеральное государственное бюджетное образовательное учреждение высшего профессионального образования для инвалидов с нарушением опорно-двигательной системы "Московский государственный гуманитарно-экономический институт" (МГГЭИ), Научно-исследовательская лаборатория по проблемам профессионального образования инвалидов с нарушением опорно-двигательной системы |
|
| 210 |
_aМосква _cЭкон-Информ _d2013 |
||
| 215 |
_a99 с. _cил., табл. _d22 |
||
| 320 | _aБиблиогр.: с. 79-86 и в подстроч. примеч. | ||
| 606 | 1 |
_aЛица с ограниченными физическими возможностями _xПрофессиональное образование _92121182 _3RU\NLR\AUTH\661584532 |
|
| 606 |
_aИнвалиды _xТрудоустройство _91176122 _3RU\NLR\AUTH\66472635 |
||
| 686 |
_aР11(2)339.418,07 _2rubbk |
||
| 686 |
_aУ9(2)272.24,07 _2rubbk |
||
| 686 | 1 | _aЧ439.6 | |
| 686 | 1 | _aУ27(2)224 | |
| 700 | 1 |
_aБайрамов _bВ. Д. _f1957- _gВагиф Дейрушевич |
|
| 701 | 1 |
_4070 _7ca _8rus _aГерасимов _bА. В. _cд-р филос. наук _f1953- _gАнатолий Васильевич _952124 _3RU\NLR\AUTH\7769196 |
|
| 701 | 1 |
_aМакарова _bМ. В. _cканд. социол. наук _gМарина Владимировна _9132377 _3RU\NLR\AUTH\770132411 |
|
| 942 | _cBOOK | ||
| 980 | _aNBR | ||